|
|
|
|
| LEADER |
00000nam a2200000 a 4500 |
| 001 |
vtls001162002 |
| 003 |
SK-MaSNL |
| 005 |
20260301063254.0 |
| 008 |
250414s1960 SU 0 rus |
| 035 |
|
|
|a SNK000104911
|
| 040 |
|
|
|a SNK
|b slo
|c SNK
|e AACR2
|
| 041 |
0 |
|
|a rus
|
| 044 |
|
|
|a [SU]
|
| 080 |
|
|
|a 957(093)"16"=82
|2 1981
|
| 100 |
1 |
|
|a Andrejev, Aleksandr Ignat'jevič
|4 aut
|9 378754
|
| 245 |
1 |
0 |
|a Očerki po istočnikovedeniju Sibiri
|n Vypusk 1. 17. vek
|c Aleksandr Ignatievič Andrejev
|
| 250 |
|
|
|a 2. izd., ispravl. i dopol.
|
| 260 |
|
|
|a Moskva
|b Akad. nauk SSSR
|c 1960
|e Leningrad
|f 1-ja tip. Izd. AN
|
| 300 |
|
|
|a 279, [1] s.
|b [1] fot. príl., [4] s. mp. príl.
|c 8°
|
| 852 |
|
|
|a Slovenská národná knižnica
|
| 958 |
|
|
|a RK
|
| 999 |
|
|
|c 623480
|d 625410
|
| 952 |
|
|
|t P60, <04>, [BOOK], {604}
|a SNK
|b SNK
|y VYP
|7 0
|p 17A0111349
|o snkIC 28923/1
|0 0
|1 0
|4 0
|d 1997-12-01
|l 0
|r 2005-01-01 00:00:00
|w 2026-02-23
|